=LDR 00000nam 2200000 4500 =001 INLIS000000000034463 =005 20231212021058 =035 ##$$a 0010-061300000034463 =008 231212################g##########0#ind## =041 ##$$a ind =082 ##$$a 158.1 =090 ##$$a 158.7, mun p =100 ##$$a Kluytmans, Frits =245 1#$$a Perilaku manusia : $b Pengantar singkat tentang psikologi /$c Frits Kluytmans; Penerjemah, Prof. Dr. Samsunuwiyati Mar'at; Editor, Anna Susana =260 ##$$a Bandung :$b Refika Aditama,$c 2006 =300 ##$$a x,114 hlm. ; $c 24 x 16 cm. =650 #4$$a Psikologi Terapan =850 ##$$a NBPNMAT =084 ##$$a 158.1 KLU p =020 ##$$a 979-1073-05-8 =700 #$$a Mar'at, Samsunuwiyati =990 ##$$a 21009891 =990 ##$$a 21009890 =990 ##$$a 21009889